000 01314nam0a22002651 4500
001 rc\3962294
005 20130415120643.3
035 _a(NLR Aleph) 008050876
090 _a8940864
_c8940864
100 _a20130415d1956 |||y0rusy50 ca
101 0 _arus
102 _aRU
105 _ay z |||a|
200 1 _aСистема образов в повести Горького "Фома Гордеев"
_fОтв. ред. доц. канд. филол. наук Шаталов С.Е.
210 _aСамарканд
_cИзд-во Узбекского гос. ун-та
_d1956
215 _a141 с.
_d22
225 1 _aМинистерство высшего образования СССР. Труды Узбекского государственного университета имени Алишера Навои
_iНовая серия
_fФилол. фак. Кафедра русской и зарубежной литературы
_vВып. 68
604 _150010$aФома Гордеев
_1700#1$aГорький$bА.М.$f1868-1936$gАлексей Максимович
700 1 _aЗунделович
_bЯ. О.
_f1893-1965
_gЯков Осипович
702 1 _aШаталов
_bС. Е.
_4340
801 0 _aRU
_bNLR
_gpsbo
801 1 _aRU
_bELAR
_2rusmarc
852 _aNLR
_jП1/60
942 _cBOOK
980 _aNB